平成に消滅・改称した岩手県の市町村 - Statistics

General Stats
  • This quiz has been taken 27 times
    23 since last reset
  • The average score is 37 of 40
Answer Stats
変更年月日 変更内容 回答 変更後の市町村 % Correct
1991.04/01 新設合併 北上市 北上市
100%
1991.04/01 新設合併 江釣子村 北上市
100%
2001.11/15 編入合併 三陸町 大船渡市
100%
2005.09/20 新設合併 一関市 一関市
100%
2005.09/20 新設合併 花泉町 一関市
100%
2005.10/01 新設合併 遠野市 遠野市
100%
2005.10/01 新設合併 宮守村 遠野市
100%
2005.11/01 新設合併 湯田町 西和賀町
100%
2006.01/01 新設合併 花巻市 花巻市
100%
2006.01/01 新設合併 石鳥谷町 花巻市
100%
2006.01/01 新設合併 東和町 花巻市
100%
2006.01/01 新設合併 二戸市 二戸市
100%
2006.01/01 新設合併 種市町 洋野町
100%
2006.02/20 新設合併 水沢市 奥州市
100%
2006.02/20 新設合併 江刺市 奥州市
100%
2006.02/20 新設合併 前沢町 奥州市
100%
2006.03/06 新設合併 久慈市 久慈市
100%
1991.04/01 新設合併 和賀町 北上市
92%
2005.06/06 新設合併 宮古市 宮古市
92%
2005.06/06 新設合併 田老町 宮古市
92%
2005.09/01 新設合併 西根町 八幡平市
92%
2005.09/01 新設合併 松尾村 八幡平市
92%
2005.09/01 新設合併 安代町 八幡平市
92%
2005.09/20 新設合併 千厩町 一関市
92%
2005.09/20 新設合併 室根村 一関市
92%
2005.11/01 新設合併 沢内村 西和賀町
92%
2006.01/01 新設合併 浄法寺町 二戸市
92%
2006.01/01 新設合併 大野村 洋野町
92%
2006.02/20 新設合併 胆沢町 奥州市
92%
2006.02/20 新設合併 衣川村 奥州市
92%
2006.03/06 新設合併 山形村 久慈市
92%
2010.01/01 編入合併 川井村 宮古市
92%
2005.09/20 新設合併 大東町 一関市
85%
2005.09/20 新設合併 東山町 一関市
85%
2005.09/20 新設合併 川崎村 一関市
85%
2006.01/01 新設合併 大迫町 花巻市
85%
2006.01/10 編入合併 玉山村 盛岡市
85%
2011.09/26 編入合併 藤沢町 一関市
85%
1992.04/01 編入合併 都南村 盛岡市
77%
2005.06/06 新設合併 新里村 宮古市
77%
No matching quizzes found
Score Distribution
Percent of People with Each Score
Percentile by Number Answered
Your Score History
You have not taken this quiz since the last reset